[Event "Budapest FS12 FM"]
[Site "Budapest"]
[Date "2016.12.10"]
[Round "7"]
[White "Tin, Ruiqi"]
[Black "Jagadics, Arnold"]
[Result "1-0"]
[WhiteElo "1864"]
[BlackElo "1933"]
[PlyCount "83"]
[EventDate "2016.12.03"]
[EventType "tourn"]
[EventRounds "10"]
[EventCountry "HUN"]
[SourceTitle "CBM 176 Extra"]
[Source "ChessBase"]
[SourceDate "2017.03.02"]
[SourceVersion "1"]
[SourceVersionDate "2017.03.02"]
[SourceQuality "1"]

1. e4 d6 2. d4 g6 3. Nf3 Bg7 4. h3 Nf6 5. Bd3 c5 6. c3 0-0 7. 0-0 Nc6 8. Bc2 cxd4 9. cxd4 Nb4 10. Bb3 Bd7 11. Nc3 e6 12. Re1 Ne8 13. a3 Nc6 14. e5 d5 15. Bg5 f6 16. exf6 Bxf6 17. Bxf6 Qxf6 18. Qd2 Nd6 19. Ne5 Be8 20. Rad1 Nf5 21. Nxc6 Bxc6 22. Re5 Nd6 23. Rde1 Rae8 24. Ba2 Nf7 25. R5e3 Nd6 26. Re5 Bd7 27. Bb3 b5 28. Ba2 Rb8 29. b4 Rbc8 30. Bxd5 exd5 31. Nxd5 Qg7 32. Re7 Rf7 33. Rxf7 Qxf7 34. Ne7+ Kg7 35. Nxc8 Bxc8 36. Qc3 Bb7 37. Qc5 Qd7 38. Qe5+ Kh6 39. Qf4+ Kg7 40. Qe5+ Kh6 41. Qe3+ g5 42. Qe6+ 1-0

[Event "Olympiad Women-42"]
[Site "Baku"]
[Date "2016.09.03"]
[Round "2.14"]
[White "Tin, Ruiqi"]
[Black "Hakimifard, Ghazal"]
[Result "0-1"]
[WhiteElo "1892"]
[BlackElo "2308"]
[PlyCount "250"]
[EventDate "2016.09.02"]
[EventType "team-swiss"]
[EventRounds "11"]
[EventCountry "AZE"]
[SourceTitle "CBM 174 Extra"]
[Source "ChessBase"]
[SourceDate "2016.10.10"]
[SourceVersion "1"]
[SourceVersionDate "2016.10.10"]
[SourceQuality "1"]
[WhiteTeam "Singapore (W)"]
[BlackTeam "Iran (W)"]
[WhiteTeamCountry "SIN"]
[BlackTeamCountry "IRI"]

1. e4 c5 2. Nf3 e6 3. c3 d5 4. exd5 exd5 5. d4 Nc6 6. Bb5 Bd6 7. 0-0 Nge7 8. dxc5 Bxc5 9. Nbd2 0-0 10. Nb3 Bd6 11. h3 Bf5 12. Be3 Bg6 13. Qd2 Qc7 14. Rad1 Rad8 15. Nbd4 Na5 16. b3 Nac6 17. Bd3 a6 18. Bxg6 Nxg6 19. Nf5 Nce5 20. N3d4 Rfe8 21. Nxd6 Qxd6 22. Rfe1 f6 23. f4 Nc6 24. f5 Nf8 25. Bf4 Qd7 26. g4 Ne5 27. Kg2 b5 28. Re2 Qb7 29. Rde1 Nfd7 30. Kg3 Nc5 31. Kg2 Ne4 32. Qe3 Rc8 33. Rc2 Re7 34. Kh2 Rec7 35. Rec1 Qb6 36. Kg2 Qa5 37. b4 Qb6 38. Kh2 Nc4 39. Qd3 Re7 40. Re2 Rd7 41. Ne6 Qb7 42. Rd1 Nb6 43. Rc2 Na4 44. Rdc1 Rc4 45. Be3 Qb8+ 46. Bf4 Qc8 47. Bd2 Qc6 48. Be1 Re7 49. Nd4 Qd6+ 50. Kg2 Rec7 51. Ne2 Qe5 52. Bg3 Nxg3 53. Qxg3 Qe4+ 54. Qf3 Kf7 55. Kf2 g6 56. fxg6+ hxg6 57. Qxe4 dxe4 58. Ke3 Rc8 59. a3 f5 60. gxf5 gxf5 61. Kf4 Kf6 62. Rd1 Nxc3 63. Nxc3 Rxc3 64. Rxc3 Rxc3 65. Rd6+ Ke7 66. Rxa6 Rf3+ 67. Ke5 Kf7 68. Kd4 Rd3+ 69. Ke5 e3 70. Kxf5 Rd5+ 71. Ke4 e2 72. Kxd5 e1Q 73. Kc5 Qe5+ 74. Kb6 Ke6 75. Ra5 Qb8+ 76. Kc5 Ke5 77. Kc6 Qe8+ 78. Kc5 Qb8 79. Kc6 Qe8+ 80. Kc5 Qd7 81. Kb6 Kd4 82. Rxb5 Qd8+ 83. Kb7 Qd7+ 84. Kb6 Qd6+ 85. Kb7 Kc4 86. Ra5 Qd7+ 87. Kb6 Kb3 88. h4 Qd6+ 89. Kb7 Qe7+ 90. Kb6 Qxh4 91. Kc6 Qf6+ 92. Kc7 Qe7+ 93. Kc6 Qe6+ 94. Kc7 Qc4+ 95. Kb6 Qc8 96. Ka7 Qc7+ 97. Ka8 Qb6 98. Ra7 Kc4 99. Ra5 Kd4 100. Ra7 Kd5 101. Rd7+ Kc6 102. Rh7 Qa6+ 103. Kb8 Qxa3 104. Rh6+ Kb5 105. Kb7 Kxb4 106. Rh4+ Kc5 107. Rh5+ Kd6 108. Rh6+ Ke5 109. Rh5+ Kf4 110. Rb5 Qd6 111. Ra5 Ke4 112. Ra4+ Kd5 113. Ra5+ Kc4 114. Ra6 Qd7+ 115. Kb6 Kb4 116. Ra7 Qd6+ 117. Kb7 Kb5 118. Kc8 Qf8+ 119. Kb7 Qd8 120. Ra1 Qe7+ 121. Kc8 Qe8+ 122. Kb7 Qe4+ 123. Kc8 Qc4+ 124. Kb7 Qf7+ 125. Kc8 Qg8+ 0-1

[Event "Penang op 6th"]
[Site "Penang"]
[Date "2014.12.09"]
[Round "2"]
[White "Michael, Owen"]
[Black "Tin, Ruiqi"]
[Result "1-0"]
[WhiteElo "1995"]
[BlackElo "1685"]
[PlyCount "119"]
[EventDate "2014.12.08"]
[EventType "swiss"]
[EventRounds "9"]
[EventCountry "MAS"]
[SourceTitle "CBM 163 Extra"]
[Source "ChessBase"]
[SourceDate "2014.12.23"]
[SourceVersion "1"]
[SourceVersionDate "2014.12.23"]
[SourceQuality "1"]

1. e4 e5 2. Nf3 Nc6 3. Bc4 Bc5 4. c3 Nf6 5. d3 a6 6. Bb3 Ba7 7. 0-0 d6 8. h3 h6 9. Nbd2 0-0 10. Re1 Ne7 11. Nf1 Ng6 12. Ng3 Nh7 13. d4 Qf6 14. Be3 Ng5 15. Nxg5 hxg5 16. Nh5 Qe7 17. Qf3 Nf4 18. Rad1 g6 19. Nxf4 gxf4 20. Bc1 Kg7 21. Bc2 Rh8 22. b4 g5 23. dxe5 dxe5 24. c4 g4 25. Qc3 Qg5 26. c5 gxh3 27. g3 f6 28. Kh2 fxg3+ 29. fxg3 Qg4 30. Bb3 Be6 31. Bxe6 Qxe6 32. Rd5 c6 33. Rd2 Rad8 34. Red1 Qg4 35. Re1 Qe6 36. Qe3 Kf7 37. Rf2 Ke7 38. Ref1 Rdf8 39. Qd3 Bb8 40. a4 Rhg8 41. Bh6 Rf7 42. b5 axb5 43. axb5 Bc7 44. b6 Bb8 45. Rd1 Rh8 46. Bc1 Rff8 47. Rfd2 Rd8 48. Qxd8+ Rxd8 49. Rxd8 Qg4 50. R1d2 Qxe4 51. Rxb8 Qc4 52. Rxb7+ Ke6 53. Bb2 Qxc5 54. Kxh3 Qf8 55. Rbd7 Qh6+ 56. Kg2 Qg6 57. b7 Qe4+ 58. Kh2 Qb4 59. Bc3 Qb5 60. g4 1-0

[Event "Penang op-A 5th"]
[Site "Penang"]
[Date "2013.12.13"]
[Round "9"]
[White "Tin, Ruiqi"]
[Black "Ramakrishnan, Ramesh"]
[Result "1/2-1/2"]
[WhiteElo "1600"]
[BlackElo "1869"]
[PlyCount "30"]
[EventDate "2013.12.09"]
[EventType "swiss"]
[EventRounds "9"]
[EventCountry "MAS"]
[SourceTitle "CBM 157 Extra"]
[Source "ChessBase"]
[SourceDate "2013.12.19"]
[SourceVersion "1"]
[SourceVersionDate "2013.12.19"]
[SourceQuality "1"]

1. e4 e6 2. d4 d5 3. Nd2 Nf6 4. e5 Nfd7 5. Bd3 c5 6. c3 Nc6 7. Ne2 cxd4 8. cxd4 f6 9. Nf4 fxe5 10. Nxe6 Qb6 11. Qh5+ Ke7 12. Nxf8 Kxf8 13. dxe5 Ncxe5 14. Be2 Qg6 15. Qxg6 Nxg6 1/2-1/2

[Event "Penang op 4th"]
[Site "Penang"]
[Date "2012.12.12"]
[Round "3"]
[White "Srivatanakul, Pricha"]
[Black "Tin, Ruiqi"]
[Result "1-0"]
[WhiteElo "1745"]
[BlackElo "1569"]
[PlyCount "111"]
[EventDate "2012.12.11"]
[EventType "swiss"]
[EventRounds "9"]
[EventCountry "MAS"]
[SourceTitle "EXT 2014"]
[Source "ChessBase"]
[SourceDate "2013.11.20"]
[SourceVersion "1"]
[SourceVersionDate "2013.11.20"]
[SourceQuality "1"]

1. b3 e5 2. Bb2 Nc6 3. e3 d5 4. Bb5 Bd6 5. f4 Qe7 6. Nf3 Bg4 7. fxe5 Bxe5 8. Bxe5 Bxf3 9. Qxf3 Qxe5 10. Nc3 Nf6 11. 0-0 0-0 12. Qf5 Qxf5 13. Rxf5 Ne7 14. Rf3 Ng6 15. h3 c6 16. Be2 Rad8 17. d4 Ne7 18. Bd3 Nc8 19. g4 h6 20. a4 a5 21. Ne2 Nd6 22. Ng3 Rfe8 23. Raf1 Rd7 24. c4 Nfe4 25. c5 Nxg3 26. Rxg3 Ne4 27. Bxe4 Rxe4 28. Rgf3 Rde7 29. Kf2 g6 30. Rb1 Kf8 31. b4 axb4 32. Rxb4 Kg7 33. a5 Kf8 34. Rb6 R4e6 35. a6 bxa6 36. Rxa6 Rb7 37. Ra2 Kg7 38. h4 Re4 39. Rg3 Kh7 40. Re2 Rbe7 41. Ra2 h5 42. gxh5 Rxh4 43. hxg6+ fxg6 44. Kg2 Kh6 45. Rf2 Rhe4 46. Rff3 Kg7 47. Kf2 R7e6 48. Rg1 Rh4 49. Ra1 Kh6 50. Rg1 Rh2+ 51. Rg2 Rxg2+ 52. Kxg2 g5 53. Kf2 Kg6 54. Ke2 g4 55. Rf1 Kg5 56. Kd3 1-0

[Event "ASEAN-ch U10 Girls 13th"]
[Site "Hue"]
[Date "2012.06.18"]
[Round "8"]
[White "Le, Thuy An"]
[Black "Tin, Ruiqi"]
[Result "1/2-1/2"]
[WhiteElo "1558"]
[BlackElo "1581"]
[PlyCount "108"]
[EventDate "2012.06.11"]
[EventType "swiss"]
[EventRounds "9"]
[EventCountry "VIE"]
[SourceTitle "CBM 149 Extra"]
[Source "ChessBase"]
[SourceDate "2012.08.24"]
[SourceVersion "1"]
[SourceVersionDate "2012.08.24"]
[SourceQuality "1"]

1. e4 e5 2. Nf3 Nc6 3. Nc3 Nf6 4. d4 exd4 5. Nxd4 Bb4 6. Nxc6 bxc6 7. Bd3 d5 8. exd5 cxd5 9. 0-0 0-0 10. Bg5 c6 11. Qf3 Qd6 12. h3 Ba5 13. Ne2 Bb7 14. Bf4 Qd7 15. Nd4 Ne4 16. Nb3 Bb6 17. Bxe4 dxe4 18. Qxe4 c5 19. Qe5 Qc6 20. Qg5 Bd8 21. Qg3 Bh4 22. Qf3 Qb6 23. Qe3 Qc6 24. f3 Bd8 25. Kh1 Bb6 26. c4 Rfe8 27. Qc3 Re6 28. Na5 Bxa5 29. Qxa5 Re7 30. Rad1 Ree8 31. Qc7 Qxc7 32. Bxc7 h6 33. Rfe1 Kh7 34. Re5 Rxe5 35. Bxe5 Re8 36. Re1 Rd8 37. Bc3 Ba6 38. Re7 Bxc4 39. Rxa7 Rd1+ 40. Kh2 Ra1 41. a3 Bb3 42. Rc7 Kg6 43. Rxc5 f6 44. Ra5 h5 45. Kg3 Rg1 46. a4 Ra1 47. Ra7 Rxa4 48. Rxa4 Bxa4 49. Kf4 Kf7 50. h4 Ke6 51. g4 hxg4 52. fxg4 Kf7 53. g5 fxg5+ 54. Kxg5 Bb3 1/2-1/2